|
|
|
|
| LEADER |
00000nam a2200000 i 4500 |
| 001 |
1/76533 |
| 008 |
970211s1972 gre d |
| 035 |
|
|
|a 1995
|b 1
|c Δωρεά
|l 10032432
|
| 040 |
|
|
|a GR-MY-UA
|b gre
|e aacr
|
| 041 |
0 |
|
|a gre
|
| 082 |
0 |
|
|a 150.1952
|
| 100 |
1 |
|
|a Γαλανός, Γιάννης Γ.,
|d 1926-
|
| 245 |
1 |
0 |
|a Μετά τον Φρόυντ /
|c Γιάννη Γ. Γαλανού
|
| 260 |
|
|
|a Θεσσαλονίκη :
|b [χ.ό.],
|c 1972
|
| 300 |
|
|
|a 239 σ.
|
| 600 |
1 |
0 |
|a Freud, Sigmund,
|d 1856-1939.
|
| 650 |
0 |
0 |
|a Psychoanalysis.
|
| 852 |
|
|
|a INST
|b RHODES
|e 19970211
|h 150.1952 ΓΑΛ
|p 005400007207
|q 005400007207
|t BK
|y 0
|
| 909 |
|
|
|a Ρ
|b 042776
|c 1995
|
| 922 |
|
|
|a 4ΔΩΡ
|b 199504
|
| 970 |
|
|
|z 2000/08/ΔΕΜΕΝΑΓΑΣ ΠΕΤΡΟΣ
|